My Honest Face - Inhaler - Lyrics - Statistics

General Stats
  • This quiz has been taken 94 times
  • The average score is 203 of 243
Answer Stats
Lyrics % Correct
I
100%
I-
100%
a
98%
be
97%
on
97%
On
97%
One,
97%
face,
95%
face
95%
honest
95%
three,
95%
two,
95%
you
95%
five,
93%
five
93%
four,
93%
My
93%
my
93%
night
93%
to
93%
alright
92%
can
92%
in
90%
the
90%
could
88%
place
88%
place,
88%
take
88%
Tuesday
88%
when
88%
When
88%
your
88%
honey,
87%
just
87%
an
85%
Baby,
85%
it
85%
look
85%
me
85%
wanna
85%
wanna,
85%
don’t
83%
good
83%
I’ll
83%
at
82%
can’t
82%
certain
82%
Darling,
82%
Elvis
82%
find
82%
get
82%
It’s
82%
it’s
82%
play
82%
want
82%
light
80%
like
80%
tonight
80%
too
80%
youre
80%
you’re
80%
all
78%
But
78%
close
78%
heart
78%
hurt
78%
Joker
78%
last
78%
So
78%
up
78%
Up-
78%
up-
78%
young
78%
her
77%
out
77%
TV,
77%
TV
77%
back
75%
broke
75%
didn’t
75%
culture
73%
made
73%
No,
73%
no,
73%
yeah
73%
And
72%
and
72%
smile
72%
ya
72%
gonna
70%
hated
70%
killer,
70%
Acting
68%
theres
67%
there’s
67%
hater
65%
of
65%
working
65%
over
63%
fun
62%
planned
62%
hand
53%
have
53%
fear
52%
try
50%
K-k-killing
45%
whacked
45%
what
13%
C-call
10%
No matching quizzes found
Score Distribution
Percent of People with Each Score
Percentile by Number Answered
Your Score History
You have not taken this quiz